00794naa#a2200169#i#4500001001600000005001700016011001400033100004100047102000700088200016100095210020500256215001000461608004500471675005200516700002600568856003000594RU\\bibl\12125420260502095221.6##a1994-4683##a20230803b2023####ek#y0rusy0150####ca##aRU1#aПОДГОТОВКИ СПЕЦИАЛИСТОВ ПО КУРАШУ НА ОСНОВЕ МЕЖДУНАРОДНОГО ОПЫТАeЖурнальная статья1#aМоскваcНациональный государственный Университет физической культуры, спорта и здоровья им. П.Ф. Лесгафтаd2023##a4 с.##aЖурнальная статья2local##aНародные виды борьбы. 796.817#1aАхмедовgФ Ш4#auchzapiski.lesgaft.spb.ru